Welcome to WEB OPAC of MRSPTU Central Library

Applied discrete structure for computer science (Record no. 4896)

MARC details
000 -LEADER
fixed length control field 00413nam a2200157Ia 4500
008 - FIXED-LENGTH DATA ELEMENTS--GENERAL INFORMATION
fixed length control field 230711s9999||||xx |||||||||||||| ||und||
041 ## - LANGUAGE CODE
Language code of text/sound track or separate title ENG
082 ## - DEWEY DECIMAL CLASSIFICATION NUMBER
Classification number 4
Item number DO-A
100 ## - MAIN ENTRY--PERSONAL NAME
Personal name Doeff,Levasseur
245 #0 - TITLE STATEMENT
Title Applied discrete structure for computer science
250 ## - EDITION STATEMENT
Edition statement 1st . . Ed.
260 ## - PUBLICATION, DISTRIBUTION, ETC.
Date of publication, distribution, etc. 2008
Place of publication, distribution, etc. New Delhi
Name of publisher, distributor, etc. Galgotia Publications Pvt.Ltd
300 ## - PHYSICAL DESCRIPTION
Extent 523
650 ## - SUBJECT ADDED ENTRY--TOPICAL TERM
Topical term or geographic name entry element Computer Engineering
942 ## - ADDED ENTRY ELEMENTS (KOHA)
Koha item type Book
Holdings
Withdrawn status Lost status Damaged status Not for loan Collection Home library Current library Date acquired Total checkouts Full call number Barcode Date last seen Price effective from Koha item type Date last checked out
          MRSPTU Central Library MRSPTU Central Library     4 DO-A 17529 08/17/2023 08/17/2023 Book  
          MRSPTU Central Library MRSPTU Central Library   2 4 DO-A 17530 03/05/2025 08/17/2023 Book 02/11/2025
          MRSPTU Central Library MRSPTU Central Library     4 DO-A 17531 08/17/2023 08/17/2023 Book  
          MRSPTU Central Library MRSPTU Central Library     4 DO-A 17532 08/17/2023 08/17/2023 Book  
          MRSPTU Central Library MRSPTU Central Library     4 DO-A 17533 08/17/2023 08/17/2023 Book  
          MRSPTU Central Library MRSPTU Central Library     4 DO-A 17534 08/17/2023 08/17/2023 Book  
          MRSPTU Central Library MRSPTU Central Library   1 4 DO-A 17535 03/10/2025 08/17/2023 Book 02/07/2025
          MRSPTU Central Library MRSPTU Central Library     4 DO-A 17536 08/17/2023 08/17/2023 Book  
          MRSPTU Central Library MRSPTU Central Library     4 DO-A 17537 08/17/2023 08/17/2023 Book  

Website Designed and Developed by MRSPTU Central Library Team

E-mail Id: librarian@mrsptu.ac.in